| Tag |
First Indicator |
Second Indicator |
Subfields |
| LEADER |
00000pam a2200000 a 4500 |
| 001 |
in00000376913 |
| 005 |
20151011091119.0 |
| 008 |
821108s1984 nyua b 00110 eng |
| 010 |
|
|
|a 82021718
|
| 020 |
|
|
|a 0070345368 :
|c $40.50
|
| 035 |
|
|
|a (OCoLC)09017646
|
| 035 |
|
|
|9 ABQ6993AM
|
| 039 |
0 |
|
|a 2
|b 3
|c 3
|d 3
|e 3
|
| 040 |
|
|
|a DLC
|c DLC
|d TXA
|d UtOrBLW
|
| 049 |
|
|
|a TXAM
|c [000461]
|
| 050 |
0 |
0 |
|a TH7335
|b K48 1984
|
| 082 |
0 |
|
|a 697
|2 19
|
| 090 |
|
|
|a TH7335
|b K48 1983
|
| 100 |
1 |
|
|a Khashab, A. M.,
|d 1937-
|
| 245 |
1 |
0 |
|a Heating, ventilating, and air-conditioning systems estimating manual /
|c A.M. Khashab.
|
| 250 |
|
|
|a 2nd ed.
|
| 264 |
|
1 |
|a New York :
|b McGraw-Hill,
|c [ie.1983]
|
| 264 |
|
4 |
|c ©1984
|
| 300 |
|
|
|a xv, 320 pages :
|b illustrations ;
|c 29 cm.
|
| 336 |
|
|
|a text
|b txt
|2 rdacontent
|
| 337 |
|
|
|a unmediated
|b n
|2 rdamedia
|
| 338 |
|
|
|a volume
|b nc
|2 rdacarrier
|
| 500 |
|
|
|a Spine and cover title : Heating, ventilating, & air conditioning systems estimating manual.
|
| 500 |
|
|
|a Includes index.
|
| 504 |
|
|
|a Bibliography: pages 313-314.
|
| 650 |
|
0 |
|a Heating
|x Estimates.
|
| 650 |
|
0 |
|a Ventilation
|x Estimates.
|
| 650 |
|
0 |
|a Air conditioning
|x Estimates.
|
| 999 |
|
|
|a MARS
|
| 999 |
f |
f |
|s a888bce1-621c-3dbc-816d-772a5c99636a
|i 7a4abc58-ebef-36a6-b97d-5bac0450d297
|t 0
|
| 952 |
f |
f |
|p ric
|a Texas A&M University
|b Rellis Campus
|c Joint Library Facility
|d Remote Storage
|t 0
|e TH7335 K48 1983
|h Library of Congress classification
|i unmediated -- volume
|m A14807507555
|
| 998 |
f |
f |
|a TH7335 K48 1983
|t 0
|l Remote Storage
|